00943nam a2200277Ia 450000500170000000800270001702000180004410000290006224501130009125000180020430000260022250000430024853400290029165000290032065000250034965000410037470000600041594200150047526400260049033600270051633700330054333800280057604000350060408400110063999900150065020220317000405.0141031s9999 ck 000 0 spa d a97884984137001 aGaarder, Jostein,d1952-13aEl vendedor de cuentos cJostein Gaarder ; traducción del noruego de Kirsti Baggethun y Asunción Lorenzo a1a. edición a227 páginasc25 cm. aContiene datos biográficos del autor tSirkusdirektorens datter142LEMBaLiteratura noruega142LEMBaNovela noruega142LEMBaControl (Psicología)vNovela aLorenzo, Asunción Baggethun, Kirstietraductor915143 2loccBKLIT aMadridbSiruelac2010 atextobtxt2rdacontent asin mediaciónbn2rdamedia avolumenbnc2rdacarrier aCO-BoRNBPbspaerdacCO-BoRNBP aN GAA1 c3913d3913